| 000 | 00627 a2200193 4500 | ||
|---|---|---|---|
| 999 |
_c29808 _d29808 |
||
| 003 | NUST | ||
| 005 | 20180118123341.0 | ||
| 008 | 180118b xxu||||| |||| 00| 0 eng d | ||
| 020 | _a0521880688 | ||
| 020 | _a9780521880688 | ||
| 082 | _a518.0285 | ||
| 100 | 1 |
_aPress, William H. _91811 |
|
| 245 | 1 | 0 |
_aNumerical recipes 3rd edition : _bthe art of scientific computing / _cWilliam H. Press, Saul A. Teukolsky, William T. Vetterling, Brian P. Flannery. |
| 250 | _a3rd ed. | ||
| 260 |
_a[S.l.] : _bCambridge University Press, _c2007. |
||
| 300 |
_a1256 p. ; _c26 cm. |
||
| 700 | 1 |
_aTeukolsky, Saul A. _98731 |
|
| 700 | 1 |
_aVetterling, William T. _98732 |
|
| 700 | 1 |
_aFlannery, Brian P. _98733 |
|
| 942 |
_aSNS _cBK _k518.0285 PRE _2ddc |
||